Bayern München FIFA Club World Cup 2025 Squad - Statistics

General Stats
  • This quiz has been taken 51 times
  • The average score is 22 of 32
Answer Stats
# Position Nation Player Name % Correct
9 FW England Harry Kane
100%
3 DF South Korea Kim Min-Jae
100%
6 MF Germany Joshua Kimmich
98%
1 GK Germany Manuel neuer
98%
7 FW Germany Serge Gnabry
98%
2 DF France Dayot Upamecano
96%
8 MF Germany Leon Goretzka
96%
10 FW Germany Leroy Sané
96%
17 FW France Michael Olise
96%
15 DF England Eric Dier
93%
42 MF Germany Jamal Musiala
91%
11 FW France Kingsley Coman
91%
27 MF Austria Konrad Laimer
91%
22 DF Portugal Raphael Guerreiro
91%
25 FW Germany Thomas Müller
89%
45 MF Germany Aleksandar Pavlović
84%
- Coach Belgium Vincent Kompany
84%
16 MF Portugal João Palhinha
80%
44 DF Croatia Josip Stanišić
80%
4 DF Germany Jonathan Tah
76%
23 DF France Sacha Boey
69%
40 GK Germany Jonas Urbig
62%
20 MF Germany Tom Bischof
38%
46 MF Germany Lennart Karl
33%
49 DF Morocco Adam Aznou
27%
24 FW Croatia Gabriel Vidović
22%
41 FW Sweden Jonah Kusi-Asare
22%
36 FW Germany Wisdom Mike
16%
30 DF Germany Cassiano Kiala
13%
48 GK Germany Leon Klanac
13%
47 MF Portugal David Santos
11%
35 MF Germany Maurice Krattenmacher
11%
No matching quizzes found
Score Distribution
Percent of People with Each Score
Percentile by Number Answered
Your Score History
You have not taken this quiz